Prístupy k tvorbe cien v revenue manažmente

Základné prístupy k tvorbe cien. Nákladovo orientovaná tvorba cien. Dopytovo orientovaná tvorba cien. Konkurenčne orientovaná tvorba cien. Dynamická tvorba cien. Cenová diferenciácia.

Gespeichert in:
Bibliographische Detailangaben
1. Verfasser: Freňáková, Magdaléna, 1981-
Weitere Verfasser: Ildžová, Karina
Format: Buchkapitel
Sprache:Slowakisch
Schlagworte:
Tags: Tag hinzufügen
Keine Tags, Fügen Sie das erste Tag hinzu!

MARC

LEADER 00000nla a2200000 4500
001 0238176
005 20240502073842.5
041 0 |a slo 
044 |a SK 
245 1 0 |a Prístupy k tvorbe cien v revenue manažmente  |c Magdaléna Freňáková, Karina Ildžová 
520 |a Základné prístupy k tvorbe cien. Nákladovo orientovaná tvorba cien. Dopytovo orientovaná tvorba cien. Konkurenčne orientovaná tvorba cien. Dynamická tvorba cien. Cenová diferenciácia. 
610 2 0 |a ceny 
610 2 0 |a tvorba cien 
610 2 0 |a náklady 
610 2 0 |a konkurencia 
610 2 0 |a dopyt 
610 2 0 |a diferenciácia cenová 
610 2 0 |a segmentácia trhu 
100 1 |a Freňáková, Magdaléna, 1981- 
700 1 |a Ildžová, Karina